Teacher/Pizza Guy

Dettagli Bibliografici
Autore principale: Kass
Natura: Elettronico eBook
Lingua:English
Pubblicazione: Wayne State University Press
Soggetti:
Accesso online:Full text available on Project MUSE [8/3/19]
Off-campus access
LEADER 01033pam a2200253 a 4500
001 AALebookProjectMUSE015776
003 BD-DhAAL
006 m||||||||d||||||||
007 cr||||||||||||
008 221121s9999 xxuabf fo j 001 0 eng d
020 |a 814347169 
020 |a 9780814347164 
040 |a BD-DhAAL  |c BD-DhAAL 
100 1 |a Kass 
245 0 0 |h [electronic resource]  |a Teacher/Pizza Guy 
260 |b Wayne State University Press 
300 |a 1 online resource 
500 |a <strong>Off-Campus Access:</strong> Athens ID and Password Required 
500 |a <strong>On-Campus Access:</strong> No User ID or Password Required 
506 |a Electronic access restricted to authorized BRAC University faculty, staff and students 
538 |a Mode of access: Internet 
655 7 |a Electronic books  |2 Library of Congress 
856 4 0 |z Full text available on Project MUSE [8/3/19]  |u https://muse.jhu.edu/book/66951 
856 4 0 |z Off-campus access  |u https://go.openathens.net/redirector/bracu.ac.bd?url=https%3A%2F%2Fmuse.jhu.edu%2Fbook%2F66951